Top 20 most populated cities in South America - Statistics

General Stats
  • This quiz has been taken 36 times
  • The average score is 16 of 20
Answer Stats
Hint Answer % Correct
11.9M Bogota
100%
15.9M Buenos Aires
100%
2.2M Caracas
100%
11.9M Lima
100%
23.1M Sao Paulo
100%
14M Rio de Janeiro
97%
7.1M Santiago
97%
4.8M Brasilia
94%
2.2M Quito
90%
4.1M Medellin
87%
3.9M Salvador
74%
2.9M Cali
71%
2.2M Manuas
71%
6M Belo Horizonte
68%
4.5M Porto Alegre
68%
2.7M Recife
68%
4.1M Fortaleza
65%
3.1M Guayaquil
61%
2.8M Curitiba
52%
2.1M Campinas
29%
No matching quizzes found
Score Distribution
Percent of People with Each Score
Percentile by Number Answered
Your Score History
You have not taken this quiz